| 000 | 01199njm a22002897a 4500 | ||
|---|---|---|---|
| 005 | 20100901115333.0 | ||
| 006 | a|||||r|||||00| 0 | ||
| 007 | sd ammalaaahaa | ||
| 008 | 100901t xxu||||| |||| 00| 0 eng d | ||
| 028 |
_a7EPE 7058 _bHis Master's Voice |
||
| 035 | _aGR-02350 | ||
| 040 |
_aSED _cSED |
||
| 100 |
_aMangeshkar, Lata _917891 |
||
| 245 |
_aVandana / _cby Lata Mangeshkar ; music by Ravi ; lyrices by Anjaan _h[Sound recording] |
||
| 246 | _aवंदना / लता मंगेशकर | ||
| 260 |
_aDUM DUM, India _bHis Master's Voice _c1974 |
||
| 300 |
_a1 Sound disc [Gramophone Recording] : _banalog, 33 1/3 rpm _c7 in. (SP) _fGramophone Record |
||
| 500 | _aBrief record | ||
| 500 | _aRecord Labels : His Master's Voice, Red | ||
| 505 | _aSide-1 आप की इनायतें (Aap ki inayaten ) (Lata Mangeshkar)--Side -2 जग के पालन हारे ( jag ke paln hare) (Lata Mangeshkar) | ||
| 600 |
_aMangeshkar, Lata _91184 |
||
| 650 |
_aClassical music _xExcerpts _zIndia _917892 |
||
| 700 |
_aRavi _919858 |
||
| 700 |
_aAnjaan _919099 |
||
| 942 |
_2ddc _cGR |
||
| 999 |
_c45554 _d45554 |
||